<?xml version="1.0" encoding="UTF-8"?>
<record
    xmlns:xsi="http://www.w3.org/2001/XMLSchema-instance"
    xsi:schemaLocation="http://www.loc.gov/MARC21/slim http://www.loc.gov/standards/marcxml/schema/MARC21slim.xsd"
    xmlns="http://www.loc.gov/MARC21/slim">

  <leader>02659nam a2200553 i 4500</leader>
  <controlfield tag="001">5207634</controlfield>
  <controlfield tag="003">CZ PrSKC</controlfield>
  <controlfield tag="005">20260421135752.0</controlfield>
  <controlfield tag="007">ta</controlfield>
  <controlfield tag="008">260219s2026    xr a   e 6    000 1acze  </controlfield>
  <datafield tag="015" ind1=" " ind2=" ">
    <subfield code="a">cnb003736979</subfield>
  </datafield>
  <datafield tag="020" ind1=" " ind2=" ">
    <subfield code="a">978-80-275-2789-2</subfield>
    <subfield code="q">(bro&#x17E;ov&#xE1;no)</subfield>
  </datafield>
  <datafield tag="040" ind1=" " ind2=" ">
    <subfield code="a">ABG001</subfield>
    <subfield code="b">cze</subfield>
    <subfield code="e">rda</subfield>
  </datafield>
  <datafield tag="041" ind1="1" ind2=" ">
    <subfield code="a">cze</subfield>
    <subfield code="h">fre</subfield>
  </datafield>
  <datafield tag="043" ind1=" " ind2=" ">
    <subfield code="a">e-be---</subfield>
  </datafield>
  <datafield tag="072" ind1=" " ind2="7">
    <subfield code="a">741.52</subfield>
    <subfield code="x">Komiksy. Komiksov&#xE9; adaptace</subfield>
    <subfield code="2">Konspekt</subfield>
    <subfield code="9">21</subfield>
  </datafield>
  <datafield tag="072" ind1=" " ind2="7">
    <subfield code="a">929</subfield>
    <subfield code="x">Biografie</subfield>
    <subfield code="2">Konspekt</subfield>
    <subfield code="9">8</subfield>
  </datafield>
  <datafield tag="080" ind1=" " ind2=" ">
    <subfield code="a">741.52(0:82-322.6)</subfield>
    <subfield code="2">MRF</subfield>
  </datafield>
  <datafield tag="080" ind1=" " ind2=" ">
    <subfield code="a">741.52.071.1-055.2</subfield>
    <subfield code="2">MRF</subfield>
  </datafield>
  <datafield tag="080" ind1=" " ind2=" ">
    <subfield code="a">618.17</subfield>
    <subfield code="2">MRF</subfield>
  </datafield>
  <datafield tag="080" ind1=" " ind2=" ">
    <subfield code="a">(493)</subfield>
    <subfield code="2">MRF</subfield>
  </datafield>
  <datafield tag="080" ind1=" " ind2=" ">
    <subfield code="a">(092)741.52</subfield>
    <subfield code="2">MRF</subfield>
  </datafield>
  <datafield tag="100" ind1="1" ind2=" ">
    <subfield code="a">Garin, Alix,</subfield>
    <subfield code="d">1997-</subfield>
    <subfield code="7">xx0341787</subfield>
    <subfield code="4">aut</subfield>
    <subfield code="9">20678</subfield>
  </datafield>
  <datafield tag="240" ind1="1" ind2="0">
    <subfield code="a">Imp&#xE9;n&#xE9;trable.</subfield>
    <subfield code="l">&#x10C;esky</subfield>
  </datafield>
  <datafield tag="245" ind1="1" ind2="0">
    <subfield code="a">Neproniknuteln&#xE1; /</subfield>
    <subfield code="c">Alix Garin ; p&#x159;elo&#x17E;ila S&#xE1;ra Vyb&#xED;ralov&#xE1;</subfield>
  </datafield>
  <datafield tag="250" ind1=" " ind2=" ">
    <subfield code="a">Prvn&#xED; vyd&#xE1;n&#xED;</subfield>
  </datafield>
  <datafield tag="264" ind1=" " ind2="1">
    <subfield code="a">Brno :</subfield>
    <subfield code="b">Host,</subfield>
    <subfield code="c">2026</subfield>
  </datafield>
  <datafield tag="300" ind1=" " ind2=" ">
    <subfield code="a">300 stran :</subfield>
    <subfield code="b">barevn&#xE9; ilustrace ;</subfield>
    <subfield code="c">27 cm</subfield>
  </datafield>
  <datafield tag="336" ind1=" " ind2=" ">
    <subfield code="a">text</subfield>
    <subfield code="b">txt</subfield>
    <subfield code="2">rdacontent</subfield>
  </datafield>
  <datafield tag="336" ind1=" " ind2=" ">
    <subfield code="a">statick&#xFD; obraz</subfield>
    <subfield code="b">sti</subfield>
    <subfield code="2">rdacontent</subfield>
  </datafield>
  <datafield tag="337" ind1=" " ind2=" ">
    <subfield code="a">bez m&#xE9;dia</subfield>
    <subfield code="b">n</subfield>
    <subfield code="2">rdamedia</subfield>
  </datafield>
  <datafield tag="338" ind1=" " ind2=" ">
    <subfield code="a">svazek</subfield>
    <subfield code="b">nc</subfield>
    <subfield code="2">rdacarrier</subfield>
  </datafield>
  <datafield tag="500" ind1=" " ind2=" ">
    <subfield code="a">P&#x159;elo&#x17E;eno z francouz&#x161;tiny</subfield>
  </datafield>
  <datafield tag="520" ind1="2" ind2=" ">
    <subfield code="a">Intimn&#xED; a up&#x159;&#xED;mn&#xE1; komiksov&#xE1; zpov&#x11B;&#x10F; o vlastn&#xED;ch sexu&#xE1;ln&#xED;ch probl&#xE9;mech.</subfield>
    <subfield code="b">Alix za&#x10D;ne p&#x159;i sexu s dlouholet&#xFD;m p&#x159;&#xED;telem poci&#x165;ovat nevysv&#x11B;tlitelnou bolest. Kdy&#x17E; zjist&#xED;, &#x17E;e trp&#xED; vaginismem, za&#x10D;&#xED;n&#xE1; maraton vy&#x161;et&#x159;en&#xED; i terapeutick&#xFD;ch sezen&#xED;. Alix ztr&#xE1;c&#xED; chu&#x165; k fyzick&#xE9;mu kontaktu a popisuje, co to pro mladou &#x17E;enu znamen&#xE1;, jak souvis&#xED; t&#x11B;lesn&#xE9; s du&#x161;evn&#xED;m a naopak... Jej&#xED; p&#x159;&#xED;tel Lucas trp&#xED; v&#xFD;&#x10D;itkami, ale z&#xE1;rove&#x148; v n&#x11B;kter&#xFD;ch momentech p&#x159;ekra&#x10D;uje hranice toho, co si k Alix m&#x16F;&#x17E;e dovolit. A oba hledaj&#xED; cestu k udr&#x17E;en&#xED; partnersk&#xE9;ho vztahu. Boj o znovuz&#xED;sk&#xE1;n&#xED; kontroly nad sv&#xFD;m t&#x11B;lem a vlastn&#xED; touhou se m&#x11B;n&#xED; v hled&#xE1;n&#xED; cesty k uzdraven&#xED;, emancipaci a l&#xE1;sce. Nakladatelsk&#xE1; anotace. Kr&#xE1;ceno.</subfield>
  </datafield>
  <datafield tag="521" ind1="8" ind2=" ">
    <subfield code="a">Pro &#x10D;ten&#xE1;&#x159;e od 15 let</subfield>
  </datafield>
  <datafield tag="600" ind1="1" ind2="7">
    <subfield code="a">Garin, Alix,</subfield>
    <subfield code="d">1997-</subfield>
    <subfield code="7">xx0341787</subfield>
    <subfield code="2">czenas</subfield>
    <subfield code="9">20679</subfield>
  </datafield>
  <datafield tag="650" ind1="0" ind2="7">
    <subfield code="a">komiksov&#xE9; tv&#x16F;rkyn&#x11B;</subfield>
    <subfield code="7">ph1081295</subfield>
    <subfield code="z">Belgie</subfield>
    <subfield code="y">21. stolet&#xED;</subfield>
    <subfield code="2">czenas</subfield>
    <subfield code="9">20680</subfield>
  </datafield>
  <datafield tag="650" ind1="0" ind2="7">
    <subfield code="a">sexu&#xE1;ln&#xED; dysfunkce u &#x17E;en</subfield>
    <subfield code="7">ph125505</subfield>
    <subfield code="2">czenas</subfield>
    <subfield code="9">20681</subfield>
  </datafield>
  <datafield tag="650" ind1=" " ind2="9">
    <subfield code="a">women comics creators</subfield>
    <subfield code="z">Belgium</subfield>
    <subfield code="y">21st century</subfield>
    <subfield code="2">eczenas</subfield>
    <subfield code="9">20682</subfield>
  </datafield>
  <datafield tag="650" ind1=" " ind2="9">
    <subfield code="a">female sexual dysfunction</subfield>
    <subfield code="2">eczenas</subfield>
    <subfield code="9">20683</subfield>
  </datafield>
  <datafield tag="655" ind1=" " ind2="7">
    <subfield code="a">autobiografick&#xE9; komiksy</subfield>
    <subfield code="7">fd1058616</subfield>
    <subfield code="2">czenas</subfield>
    <subfield code="9">14369</subfield>
  </datafield>
  <datafield tag="655" ind1=" " ind2="9">
    <subfield code="a">autobiographical comics</subfield>
    <subfield code="2">eczenas</subfield>
    <subfield code="9">14763</subfield>
  </datafield>
  <datafield tag="700" ind1="1" ind2=" ">
    <subfield code="a">Vyb&#xED;ralov&#xE1;, S&#xE1;ra,</subfield>
    <subfield code="d">1986-</subfield>
    <subfield code="7">jo2011555944</subfield>
    <subfield code="4">trl</subfield>
    <subfield code="9">8406</subfield>
  </datafield>
  <datafield tag="900" ind1=" " ind2=" ">
    <subfield code="a">ABG001</subfield>
    <subfield code="b">19</subfield>
  </datafield>
  <datafield tag="952" ind1=" " ind2=" ">
    <subfield code="1">0</subfield>
    <subfield code="2">udc</subfield>
    <subfield code="4">0</subfield>
    <subfield code="0"></subfield>
  </datafield>
  <datafield tag="998" ind1=" " ind2=" ">
    <subfield code="a">010760929</subfield>
  </datafield>
  <datafield tag="910" ind1=" " ind2=" ">
    <subfield code="a">ABG508</subfield>
  </datafield>
  <datafield tag="044" ind1=" " ind2=" ">
    <subfield code="a">xr</subfield>
  </datafield>
  <datafield tag="993" ind1=" " ind2=" ">
    <subfield code="a">391.00</subfield>
    <subfield code="h">599.00</subfield>
    <subfield code="i">Team Business</subfield>
    <subfield code="d">2026-04-21</subfield>
    <subfield code="x">1076096</subfield>
  </datafield>
  <datafield tag="999" ind1=" " ind2=" ">
    <subfield code="c">34199</subfield>
    <subfield code="d">34199</subfield>
  </datafield>
</record>
